[Event "DVM U20 2019"]
[Site "Braunschweig GER"]
[Date "2019.12.27"]
[Round "1"]
[White "Brockmeyer, Tobias"]
[Black "Kirschweng, Luca"]
[Result "1-0"]
[Termination "normal"]
[Board "8.5"]
[WhiteElo "1902"]
[BlackElo "1718"]
[WhiteClock "00:10:01"]
[BlackClock "00:10:35"]
[WhiteTeam "SK Lehrte"]
[BlackTeam "SG Trier"]
[PlyCount "99"]
[WhiteFideId "12982385"]
[BlackFideId "16262514"]
[EventCountry "GER"]
[EventRounds "7"]
[EventType "team-swiss"]
[EventDate "2019.12.26"]

1. d4 d5 2. c4 e6 {[%clk 1:31:19]} 3. Nc3 {[%clk 1:31:48]} Nf6 {[%clk 1:31:42]}
4. cxd5 Nxd5 {[%clk 1:31:54]} 5. e4 {[%clk 1:32:44]} Nb6 {[%clk 1:31:02]} 6.
Nf3 {[%clk 1:33:01]} Be7 {[%clk 1:29:23]} 7. Be3 {[%clk 1:31:45]} N8d7 {[%clk
1:28:38]} 8. Bd3 {[%clk 1:30:47]} Nf6 {[%clk 1:28:46]} 9. O-O {[%clk 1:30:31]}
O-O {[%clk 1:28:59]} 10. a4 a5 {[%clk 1:26:06]} 11. Qe2 {[%clk 1:25:31]} Bd7
{[%clk 1:21:50]} 12. b3 {[%clk 1:23:23]} c6 {[%clk 1:11:12]} 13. Rac1 {[%clk
1:19:48]} Rc8 {[%clk 1:07:47]} 14. Rfd1 {[%clk 1:12:50]} Qc7 {[%clk 1:05:09]}
15. h3 {[%clk 1:04:01]} Rcd8 {[%clk 0:46:48]} 16. d5 {[%clk 0:56:21]} exd5
{[%clk 0:43:20]} 17. Nb5 {[%clk 0:53:29]} Qb8 {[%clk 0:34:58]} 18. Bxb6 {[%clk
0:52:56]} Rc8 {[%clk 0:31:43]} 19. e5 {[%clk 0:51:40]} Ne8 {[%clk 0:30:45]} 20.
Nbd4 {[%clk 0:50:38]} c5 {[%clk 0:26:28]} 21. Nf5 {[%clk 0:49:08]} Bxf5 {[%clk
0:24:40]} 22. Bxf5 {[%clk 0:49:37]} Rc6 {[%clk 0:24:57]} 23. Bxa5 {[%clk
0:48:47]} b6 {[%clk 0:25:06]} 24. Bd2 {[%clk 0:48:15]} Nc7 {[%clk 0:24:22]} 25.
Ng5 {[%clk 0:45:17]} h6 {[%clk 0:21:07]} 26. Nf3 {[%clk 0:38:16]} Ne6 {[%clk
0:17:56]} 27. Bxe6 {[%clk 0:34:23]} Rxe6 {[%clk 0:17:50]} 28. Bf4 {[%clk
0:34:02]} Rd8 {[%clk 0:17:03]} 29. Bg3 {[%clk 0:28:39]} Qc8 {[%clk 0:16:21]}
30. Nd4 {[%clk 0:27:50]} Rg6 {[%clk 0:15:50]} 31. Qf3 {[%clk 0:23:29]} Bf8
{[%clk 0:13:02]} 32. Nb5 {[%clk 0:21:29]} Qc6 {[%clk 0:11:23]} 33. Nd6 {[%clk
0:16:36]} Bxd6 {[%clk 0:10:23]} 34. exd6 {[%clk 0:17:05]} Re6 {[%clk 0:10:01]}
35. Rxd5 {[%clk 0:15:03]} Qd7 {[%clk 0:10:08]} 36. Rd3 {[%clk 0:12:26]} Rde8
{[%clk 0:10:23]} 37. Re3 {[%clk 0:12:01]} Rxe3 {[%clk 0:10:45]} 38. fxe3 {[%clk
0:12:26]} Qe6 {[%clk 0:10:51]} 39. e4 {[%clk 0:12:05]} f6 {[%clk 0:10:15]} 40.
Rd1 {[%clk 0:11:25]} Rd8 {[%clk 0:09:19]} 41. Qf5 {[%clk 0:09:22]} Qxb3 {[%clk
0:09:26]} 42. Qd5+ Qxd5 {[%clk 0:09:41]} 43. Rxd5 {[%clk 0:10:19]} c4 {[%clk
0:09:44]} 44. Kf1 {[%clk 0:10:22]} Kf7 {[%clk 0:09:57]} 45. Ke2 {[%clk
0:10:33]} Ke6 {[%clk 0:10:12]} 46. Kd2 {[%clk 0:10:45]} Kd7 {[%clk 0:10:28]}
47. Rb5 {[%clk 0:10:48]} Kc6 {[%clk 0:10:28]} 48. Rd5 {[%clk 0:09:46]} Kd7
{[%clk 0:10:38]} 49. Rd4 {[%clk 0:10:01]} Rc8 {[%clk 0:10:35]} 50. Kc3 1-0

[Event "DVM U20 2019"]
[Site "Braunschweig GER"]
[Date "2019.12.27"]
[Round "1"]
[White "Sequeira, Titus"]
[Black "Heise, Tobias"]
[Result "0-1"]
[Termination "normal"]
[Board "8.6"]
[WhiteElo "1472"]
[BlackElo "1712"]
[WhiteClock "00:38:16"]
[BlackClock "00:05:12"]
[WhiteTeam "SG Trier"]
[BlackTeam "SK Lehrte"]
[PlyCount "62"]
[WhiteFideId "16262522"]
[BlackFideId "12949280"]
[EventCountry "GER"]
[EventRounds "7"]
[EventType "team-swiss"]
[EventDate "2019.12.26"]

1. e4 {[%clk 1:30:57]} c5 {[%clk 1:30:55]} 2. Nc3 {[%clk 1:31:22]} Nc6 {[%clk
1:31:07]} 3. g3 {[%clk 1:31:34]} Nf6 {[%clk 1:31:02]} 4. Bg2 {[%clk 1:31:40]}
d6 {[%clk 1:30:18]} 5. f4 g6 {[%clk 1:16:40]} 6. Nf3 {[%clk 1:29:00]} Bg7
{[%clk 1:14:50]} 7. O-O {[%clk 1:29:05]} O-O {[%clk 1:12:01]} 8. d3 {[%clk
1:28:17]} Rb8 {[%clk 1:10:39]} 9. e5 {[%clk 1:25:02]} dxe5 {[%clk 1:04:16]} 10.
fxe5 {[%clk 1:25:20]} Ng4 {[%clk 0:52:56]} 11. Bf4 {[%clk 1:24:36]} Ngxe5
{[%clk 0:46:55]} 12. Nxe5 {[%clk 1:22:34]} Nxe5 {[%clk 0:44:13]} 13. Re1 {[%clk
1:22:00]} Ng4 {[%clk 0:33:11]} 14. Qf3 {[%clk 0:53:03]} Bd4+ {[%clk 0:22:44]}
15. Kh1 {[%clk 0:52:53]} Nf2+ {[%clk 0:19:35]} 16. Kg1 {[%clk 0:53:01]} Bg4
{[%clk 0:14:33]} 17. Qd5 {[%clk 0:49:31]} Nxd3+ {[%clk 0:14:53]} 18. Kf1 {[%clk
0:48:55]} Nxe1 {[%clk 0:14:47]} 19. Rxe1 {[%clk 0:45:47]} Qxd5 {[%clk 0:10:58]}
20. Nxd5 {[%clk 0:45:19]} e5 {[%clk 0:07:28]} 21. Bh6 {[%clk 0:44:05]} Be6
{[%clk 0:02:49]} 22. Nf6+ {[%clk 0:42:53]} Kh8 {[%clk 0:03:12]} 23. Bxf8 {[%clk
0:42:58]} Bc4+ {[%clk 0:03:29]} 24. Re2 {[%clk 0:41:44]} Rxf8 {[%clk 0:03:41]}
25. c3 {[%clk 0:40:19]} Bxe2+ {[%clk 0:03:56]} 26. Kxe2 {[%clk 0:40:35]} Bg1
{[%clk 0:04:08]} 27. Ng4 {[%clk 0:40:19]} f5 {[%clk 0:04:07]} 28. Kf1 {[%clk
0:38:33]} fxg4+ {[%clk 0:04:31]} 29. Kxg1 {[%clk 0:38:53]} Rd8 {[%clk 0:04:28]}
30. Bxb7 {[%clk 0:38:43]} Rd2 {[%clk 0:04:56]} 31. Bc8 {[%clk 0:38:16]} h5
{[%clk 0:05:12]} 0-1